Songs from the First Line(s) - 1988 - Statistics

General Stats
  • This quiz has been taken 115 times
  • The average score is 11 of 30
Answer Stats
Hint Answer % Correct
Songs Here's a little song I wrote / You might want to sing it note for note / Don't worry, be happy / In every life we have some trouble Song Don't Worry, Be Happy
87%
Songs You got a fast car / I want a ticket to anywhere / Maybe we make a deal / Maybe together we can get somewhere / Any place is better Song Fast Car
84%
Songs She's got a smile that it seems to me / Reminds me of childhood memories / Where everything was as fresh as the bright blue sky (Sky) Artist(s) Guns N' Roses
81%
Songs She's got a smile that it seems to me / Reminds me of childhood memories / Where everything was as fresh as the bright blue sky (Sky) Song Sweet Child O' Mine
78%
Songs You got a fast car / I want a ticket to anywhere / Maybe we make a deal / Maybe together we can get somewhere / Any place is better Artist(s) Tracy Chapman
77%
Songs Every time I see you something happens to me / Like a chain reaction between you and me / My heart starts missing a beat Artist(s) Pet Shop Boys
70%
Songs Aruba, Jamaica, ooh I wanna take ya / Bermuda, Bahama, come on pretty mama / Key Largo, Montego Artist(s) The Beach Boys
70%
Songs Aruba, Jamaica, ooh I wanna take ya / Bermuda, Bahama, come on pretty mama / Key Largo, Montego Song Kokomo
69%
Songs Here's a little song I wrote / You might want to sing it note for note / Don't worry, be happy / In every life we have some trouble Artist(s) Bobby McFerrin
65%
Songs I'm gonna make a change / For once in my life / It's gonna feel real good / Gonna make a difference / Gonna make it right Artist(s) Michael Jackson
57%
Songs I'm gonna make a change / For once in my life / It's gonna feel real good / Gonna make a difference / Gonna make it right Song Man In The Mirror
51%
Songs Hey (hey) you (you), get into my car / Who me? / Yes you, get into my car / Wooooooooooooooh. Wah! Yeah! / Who's that lady Artist(s) Billy Ocean
47%
Songs Hey (hey) you (you), get into my car / Who me? / Yes you, get into my car / Wooooooooooooooh. Wah! Yeah! / Who's that lady Song Get Outta My Dreams, Get Into My Car
28%
Songs Lost in a dream / I don't know which way to go. / (A-let me say it.) / If you are all that you seem / Then, baby, I'm movin' way too slow. Artist(s) Paula Abdul
19%
Songs We both lie silently still in the dead of the night / Although we both lie close together / We feel miles apart inside Song Every Rose Has Its Thorn
17%
Songs Every time I see you something happens to me / Like a chain reaction between you and me / My heart starts missing a beat Song Heart
17%
Songs Lost in a dream / I don't know which way to go. / (A-let me say it.) / If you are all that you seem / Then, baby, I'm movin' way too slow. Song Straight Up
17%
Songs We both lie silently still in the dead of the night / Although we both lie close together / We feel miles apart inside Artist(s) Poison
16%
Songs Each day I live / I want to be / A day to give / The best of me / I'm only one / But not alone / My finest day / Is yet unknown Artist(s) Whitney Houston
15%
Songs I'm alone / Yeah, I don't know if I can face the night / I'm in tears / And the crying that I do is for you Artist(s) Aerosmith
14%
Songs When you called me up this morning / Told me about the new love you found / I said, "I'm happy for you / I'm really happy for you" Artist(s) Chicago
14%
Songs The child is a King, the Carollers sing, / The old has passed, there's a new beginning. / Dreams of Santa, dreams of snow, Artist(s) Cliff Richard
13%
Songs The child is a King, the Carollers sing, / The old has passed, there's a new beginning. / Dreams of Santa, dreams of snow, Song Mistletoe And Wine
12%
Songs When you called me up this morning / Told me about the new love you found / I said, "I'm happy for you / I'm really happy for you" Song Look Away
11%
Songs Each day I live / I want to be / A day to give / The best of me / I'm only one / But not alone / My finest day / Is yet unknown Song One Moment In Time
11%
Songs I'm alone / Yeah, I don't know if I can face the night / I'm in tears / And the crying that I do is for you Song Angel
10%
Songs The room has suddenly grown cold / And outside in the street it's raining / You packed your bags and said goodbye Artist(s) Bananarama
3%
Songs So what are you doing back? / Well, I set back and thought about / The things we used to do / It really meant a lot to me Artist(s) Milli Vanilli
3%
Songs So what are you doing back? / Well, I set back and thought about / The things we used to do / It really meant a lot to me Song Girl You Know It's True
2%
Songs The room has suddenly grown cold / And outside in the street it's raining / You packed your bags and said goodbye Song I Want You Back
2%
No matching quizzes found
Score Distribution
Percent of People with Each Score
Percentile by Number Answered
Your Score History
You have not taken this quiz